| 000 | 01441cam a22003254a 4500 | ||
|---|---|---|---|
| 001 | 12221251 | ||
| 005 | 20060727212108.0 | ||
| 008 | 001103s2001 nyu b 000 0 eng | ||
| 010 | _a 00053572 | ||
| 020 | _a0743201140 | ||
| 040 |
_aDLC _cDLC _dDLC |
||
| 042 | _apcc | ||
| 050 | 0 | 0 |
_aHF5549.5.M63 _bB83 2001 |
| 082 | 0 | 0 |
_a658.409 _222 _bBUC |
| 100 | 1 | _aBuckingham, Marcus. | |
| 245 | 1 | 0 |
_aNow, discover your strengths / _cMarcus Buckingham, Donald O. Clifton. |
| 260 |
_aLondon : _bPocket Books, _cc2001. |
||
| 300 |
_a262 p. ; _c24 cm. |
||
| 500 | _aBased on the Gallup study of over two million people. | ||
| 504 | _aIncludes bibliographical references (p. 257-258). | ||
| 650 | 0 | _aEmployee motivation. | |
| 650 | 0 | _aManagement. | |
| 700 | 1 | _aClifton, Donald O. | |
| 856 | 4 | 2 |
_3Contributor biographical information _uhttp://www.loc.gov/catdir/bios/simon052/00053572.html |
| 856 | 4 | 2 |
_3Publisher description _uhttp://www.loc.gov/catdir/description/simon041/00053572.html |
| 856 | 4 | 1 |
_3Sample text _uhttp://www.loc.gov/catdir/enhancements/fy0641/00053572-s.html |
| 942 |
_2ddc _cBB |
||
| 999 |
_c10962 _d10962 |
||